000
00251nam a22001217a 4500
008
180922b xxu||||| |||| 00| 0 eng d
041
_a
eng
080
_a
610-053.2
100
_a
8
101
_a
PED
245
_a
PFCCS
_c
Madden, M.A
942
_2
udc
_c
BK
999
_c
48281
_d
48281